| 000 | 00371nam a2200133Ia 4500 | ||
|---|---|---|---|
| 008 | 231129s9999||||xx |||||||||||||| ||spa|| | ||
| 020 | _a968-880-506-8 (v.1). | ||
| 040 | _bspa | ||
| 082 | _aR 658.8 K87ma | ||
| 100 | _aKotler Philip | ||
| 245 | 0 | _aManual de la mercadotecnia | |
| 264 | _aPrentice-Hall Hispanoamericana | ||
| 942 |
_2ddc _cBKS |
||
| 999 |
_c20388 _d20388 |
||